Language Quiz

Random Language or French Quiz

All About Avoir Quiz Stats

 Plays Quiz Updated Jun 12, 2019

Score 0/6 Timer 02:00
1 Play Today
Pronoun Conjugation % Correct
Je (J')ai
97.7%
Il/Elle/Ona
95.6%
Tuas
94.2%
Nousavons
92.5%
Vousavez
90.9%
Ils/Ellesont
83.2%

You're not logged in!

Compare scores with friends on all Sporcle quizzes.
OR
Log In

Sporcle TV

Today on Sporcle TV


Watch our educational content, quiz creation guides, and fun videos on Sporcle TV.

Show Comments

Extras

Top Quizzes Today


Score Distribution

Your Account Isn't Verified!

In order to create a playlist on Sporcle, you need to verify the email address you used during registration. Go to your Sporcle Settings to finish the process.

Report this User

Report this user for behavior that violates our Community Guidelines.

Details: